00437nam a2200181Ia 4500008004100000041000800041082001000049100003000059245002800089250000600117260004700123300000800170365000900178500001500187520001900202650001500221999001900236230512s1990 xx 000 0 und d aeng a658.8 aKINNEAR T C/ BEROHARD K C aPRINCIPLES OF MARKETING a3 bSCOTT, FORESMAN SERIES IN MARKETING c1990 a765 b1764 aPaper Back aReference Copy aManagement c395624d395624